Excel 5 Toàn tập trong Windows

Na minha lista:
Detalhes bibliográficos
Autor principal: Nguyễn Cẩn
Formato: Livro
Idioma:Undetermined
Publicado em: Hà Nội Thống Kê 1997
Assuntos:
Tags: Adicionar Tag
Sem tags, seja o primeiro a adicionar uma tag!
Thư viện lưu trữ: Trung tâm Học liệu Trường Đại học Cần Thơ
LEADER 00494nam a2200169Ia 4500
001 CTU_21963
008 210402s9999 xx 000 0 und d
082 |a 005.3 
082 |b C121 
100 |a Nguyễn Cẩn 
245 0 |a Excel 5 Toàn tập trong Windows 
245 0 |c Nguyễn Cẩn, Tạ Văn Hùng 
260 |a Hà Nội 
260 |b Thống Kê 
260 |c 1997 
650 |a excel ( computer programs ) 
980 |a Trung tâm Học liệu Trường Đại học Cần Thơ